000
00347nam a2200157Ia 4500
005
20250425161137.0
008
250425s9999 xx 000 0 und d
041
_a
spa
082
_a
IBM4381
245
0
_a
FUNDAMENTO DE GEOMETRIA
250
_a
1A ED.
260
_a
Costa Rica
_b
S.E.
_c
1900
260
_a
S.L.
942
_c
01
010
_a
13664
999
_c
203296
_d
203296